|
|
|
|
| LEADER |
00000cam a2200000 a 4500 |
| 001 |
vtls009170599 |
| 003 |
SK-MaSNL |
| 005 |
20260301081413.0 |
| 008 |
240314s2007 xo a c 000 j slo |
| 015 |
|
|
|a SNBA2008/06-02723
|
| 020 |
|
|
|a 9788022205337
|q (viaz.)
|
| 035 |
|
|
|a 36B64584-4497-4738-BE1E-D59A163756AF
|
| 035 |
|
|
|a urn:nbn:sk:snk-amkvip
|
| 035 |
|
|
|a urn:nbn:sk:snk-am007b0a
|
| 040 |
|
|
|a SNK
|b slo
|c SNK
|e AACR2
|
| 041 |
1 |
|
|a slo
|h eng
|
| 044 |
|
|
|a xo
|c SK
|
| 072 |
|
7 |
|a 821.111(73)-3
|x Americká próza
|2 konspekt
|
| 072 |
|
7 |
|a 821-93
|x Literatúra pre deti a mládež
|2 konspekt
|
| 080 |
|
|
|a 821.111(73)-32
|2 2001
|
| 080 |
|
|
|a 821-93
|2 2001
|
| 080 |
|
|
|a (0:82-321.3)
|2 2001
|
| 080 |
|
|
|a (0:82-321.6)
|2 2001
|
| 100 |
1 |
|
|a Clark, Mary Higgins,
|d 1929-2020
|4 aut
|9 195252
|
| 240 |
1 |
0 |
|a Ghost ship
|l Slovensky
|
| 245 |
1 |
0 |
|a Tajomná loď
|b príbeh z Cape Codu
|c Mary Higgins Clark ; ilustrácie Wendell Minor ; [z anglického originálu preložila Jana Kantorová-Báliková]
|
| 250 |
|
|
|a [1. vyd.]
|
| 260 |
|
|
|a Bratislava
|b Tatran
|c 2007
|
| 300 |
|
|
|a [32] s.
|b fareb. ilustr.
|c 26 cm
|
| 655 |
|
7 |
|a americké príbehy
|2 SNKPH
|9 70732
|
| 655 |
|
7 |
|a publikácie pre deti
|2 SNKPH
|9 70148
|
| 655 |
|
7 |
|a dobrodružné príbehy
|2 SNKPH
|9 70626
|
| 655 |
|
7 |
|a historické príbehy
|2 SNKPH
|9 70710
|
| 700 |
1 |
|
|a Minor, Wendell
|4 ill
|9 404637
|
| 700 |
1 |
|
|a Kantorová-Báliková, Jana,
|d 1951-
|4 trl
|9 160814
|
| 919 |
|
|
|a 978-80-222-0533-7
|
| 958 |
|
|
|a UP
|
| 958 |
|
|
|a LX
|
| 958 |
|
|
|a DB
|
| 968 |
|
|
|b ENG
|d 821
|
| 999 |
|
|
|c 655810
|d 657740
|
| 952 |
|
|
|a SNK
|b SNK
|y PREZ
|7 0
|p 17A0587265
|o snkSB 76122
|i snk2008/9737
|8 0
|0 0
|1 0
|4 0
|d 2008-05-02
|f 1
|l 0
|r 2025-04-30 00:00:00
|w 2026-02-23
|
| 952 |
|
|
|a SNK
|b SNK
|y VYP
|7 0
|p 17A0587266
|o snkSB 76122 D1
|i snk2008/9739
|8 0
|0 0
|1 0
|4 0
|d 2008-05-02
|l 0
|r 2016-06-30 00:00:00
|w 2026-02-23
|